The livestock demonstration and extension centre in Al-Khatoura: progress and policy recommendations. (Record no. 24168)
[ view plain ]
| 000 -LEADER | |
|---|---|
| fixed length control field | 00696cam8a220018100 4500 |
| 001 - CONTROL NUMBER | |
| control field | zam00005861 |
| 008 - FIXED-LENGTH DATA ELEMENTS--GENERAL INFORMATION | |
| fixed length control field | 970717n xx eng u |
| 035 ## - SYSTEM CONTROL NUMBER | |
| System control number | (Sirsi) r135861 |
| 040 ## - CATALOGING SOURCE | |
| Modifying agency | UPRA |
| 100 ## - MAIN ENTRY--PERSONAL NAME | |
| Personal name | Dutton, R.W. |
| Linkage | A108509.1 |
| 245 14 - TITLE STATEMENT | |
| Title | The livestock demonstration and extension centre in Al-Khatoura: progress and policy recommendations. |
| 260 ## - PUBLICATION, DISTRIBUTION, ETC. | |
| Place of publication, distribution, etc. | Durham : |
| Name of publisher, distributor, etc. | University, |
| Date of publication, distribution, etc. | 1983. |
| 520 ## - SUMMARY, ETC. | |
| Summary, etc. | Deals with the livestock demonstration and extension centre in Al-Khabura, including progress and policy recommendations. |
| 650 #4 - SUBJECT ADDED ENTRY--TOPICAL TERM | |
| Topical term or geographic name entry element | Livestock. |
| Linkage | S646.1 |
| 650 #4 - SUBJECT ADDED ENTRY--TOPICAL TERM | |
| Topical term or geographic name entry element | Livestock -- Al-Khabura. |
| General subdivision | Livestock -- Al-Khabura. |
| Linkage | S81590.1 |
| 949 10 - LOCAL PROCESSING INFORMATION (OCLC) | |
| m | INESOR |
| t | BOOK |
| l | ON-SHELF |
No items available.